| 000 | 00792nam a2200265Ia 4500 | ||
|---|---|---|---|
| 003 | OSt | ||
| 005 | 20220928102050.0 | ||
| 006 | a|||||r|||| 00| 0 | ||
| 007 | ta | ||
| 008 | 220927b |||||||| |||| 00| 0 eng d | ||
| 020 | _c200 | ||
| 024 | _a107575 | ||
| 037 |
_b1140, 10/03/2010, Kiran Book Service _cTextual |
||
| 040 |
_aSDCL _cSDCL _beng |
||
| 041 |
_2eng _aeng |
||
| 082 | _aO157,INDNx, 152P9 | ||
| 100 |
_aDevsen Navneeta _9396347 |
||
| 245 | 0 | _aAur ek akash. | |
| 260 |
_aMeerut _bSamvad Prakashan _c2009 |
||
| 300 |
_a139p. _ccm. |
||
| 650 |
_aHindi _9391598 |
||
| 700 |
_a Banerjee Utpal Tr. _9396348 |
||
| 942 |
_hO157,INDNx, 152P9 _cTEXL _2CC |
||
| 999 |
_c712063 _d712063 |
||